عرض عادي
عرض مارك
- Nuclear physics.
مدخل مصطلح موضوعي
001 - رقم الضبط
- حقل الضبط: 57239
003 - معرف رقم الضبط
- حقل الضبط: OSt
005 - تاريخ ووقت أخر عملية
- حقل الضبط: 20161211122710.0
008 - عناصر بيانات ثابتة الطول
- حقل تحكم ثابت الطول: 161211|| aca||aabn | a|a d
040 ## - مصدر الفهرسة
- هيئة الفهرسة الأصلية: OSt
- وكالة الكتابة: OSt
150 ## - مدخل-- مصطلح تاريخي
- عنصر مدخل المصطلح الموضوعي او الاسم الجغرافي: Nuclear physics.
670 ## - بيانات المصدر موجوده
- الاستشهاد بالمصدر: Work cat.: (OSt)35478: Krane, Kenneth S. 46061, Introductory nuclear physics /, c1987.
